1M+ cities of the world by letter - G - Statistics

General Stats
  • This quiz has been taken 1,434 times
    19 since last reset
  • The average score is 11 of 21
Answer Stats
Country Population City % Correct
Palestinian Territories 1.99 mil Gaza
100%
Mexico 6.00 mil Guadalajara
100%
China 73.60 mil Guangzhou
100%
Guatemala 3.40 mil Guatemala City
100%
United Kingdom 1.76 mil Glasgow
89%
Ecuador 3.42 mil Guayaquil
84%
Turkey 1.77 mil Gaziantep
68%
Malaysia 2.10 mil George Town
68%
Brazil 2.55 mil Goiânia
68%
United States 1.20 mil Greensboro
58%
China 5.35 mil Guiyang
47%
South Africa 1.20 mil Gqeberha
42%
South Korea 1.63 mil Gwangju
42%
Pakistan 3.57 mil Gujranwala
37%
D.R. Congo 1.05 mil Goma
26%
United States 1.05 mil Greenville
26%
China 1.86 mil Guilin
26%
China 2.17 mil Ganzhou
16%
India 1.26 mil Guwahati
16%
India 1.62 mil Gwalior
11%
China 1.07 mil Guigang
0%
No matching quizzes found
Score Distribution
Percent of People with Each Score
Percentile by Number Answered
Your Score History
You have not taken this quiz since the last reset